[Event "It (open)"]
[Site "Cullera (Spain)"]
[Date "2007.07.06"]
[Round "1"]
[White "Schneider Bernd (GER)"]
[Black "Cebolla Moll Ricardo (ESP)"]
[Result "1-0"]
[WhiteElo "2284"]
[BlackElo "2034"]

1.c4 c5 2.Nf3 Nc6 3.g3 b6 4.Bg2 Bb7 5.O-O g6 6.e3 Bg7 7.d4 d6 8.Nc3 Nf6 9.b3
O-O 10.Bb2 Nb4 11.d5 Ne4 12.Na4 Bxb2 13.Nxb2 Nc3 14.Qd2 Ncxa2 15.Na4 {#r} 1-0

[Event "Ch Region"]
[Site "Tula (Russia)"]
[Date "2007.08.07"]
[Round "5"]
[White "Domogaev Sergey (RUS)"]
[Black "Aleshin Nikolay (RUS)"]
[Result "1-0"]
[WhiteElo "2358"]
[BlackElo "2295"]

1.c4 c5 2.g3 g6 3.Bg2 Bg7 4.Nc3 e6 5.e3 e5 6.Nge2 Nc6 7.O-O Nge7 8.d4 cxd4
9.exd4 exd4 10.Nb5 O-O 11.Bf4 a6 12.Bc7 {#r} 1-0

[Event "It (open)"]
[Site "Collado Villalba (Spain)"]
[Date "2007.08.25"]
[Round "3"]
[White "De La Fuente G Francisc (ESP)"]
[Black "Roa Alonso Santiago (ESP)"]
[Result "0-1"]
[WhiteElo "2233"]
[BlackElo "2451"]

1.c4 c5 2.g3 Nf6 3.Nf3 b6 4.Bg2 Bb7 5.Nc3 e6 6.O-O Be7 7.e3 O-O 8.d4 d5 9.Ne5
Nc6 10.b3 Bd6 11.f4 cxd4 12.Nxc6 Bxc6 13.exd4 Rc8 14.cxd5 exd5 15.f5 Bb4
16.Rf3 Qd7 17.Bb2 Rfe8 18.Rc1 Ne4 19.Nxe4 dxe4 20.Re3 Qxf5 21.Qe2 Qa5 22.Rxc6
Rxc6 23.Bxe4 Rce6 24.d5 R6e7 25.Bxh7+ Kf8 26.Bxg7+ Kxg7 27.Qg4+ Kh8 28.Be4 Bc3
29.Kh1 Rxe4 {#R} 0-1

[Event "Tournament (Elo) (b)"]
[Site "Petrozavodsk (Russia)"]
[Date "2007.10.15"]
[Round "5"]
[White "Feoktistov Alexey A (RUS)"]
[Black "Oshukov Andrey (RUS)"]
[Result "1-0"]
[WhiteElo "2426"]
[BlackElo "2005"]

1.c4 c5 2.Nf3 Nf6 3.g3 b6 4.Bg2 Bb7 5.O-O e6 6.Nc3 Be7 7.Re1 d6 8.e4 a6 9.d4
cxd4 10.Nxd4 Qc7 11.Be3 Nbd7 12.Rc1 Rc8 13.f4 Qb8 14.Qe2 O-O 15.f5 exf5
16.Nxf5 Rfe8 17.Rcd1 Bf8 18.Bf4 Ne5 19.Nd5 Nfd7 20.b3 Ba8 21.Bg5 f6 22.Bf4 Nc5
23.Bxe5 dxe5 24.Qg4 Kh8 25.Qh4 Qa7 26.Kh1 Rcd8 27.Nxf6 {#r} 1-0

[Event "Bundesliga 2007/08"]
[Site "Germany"]
[Date "2007.11.24"]
[Round "3"]
[White "Bunzmann Dimitrij (GER)"]
[Black "Kritz Leonid (GER)"]
[Result "0-1"]
[WhiteElo "2518"]
[BlackElo "2596"]

{ Bunzmann Dimitrij (GER) +4 =2 -1 Kritz Leonid (GER) +3 =0 -0 } 1.c4 c5 2.Nf3
Nf6 ( 2...b6 3.d4 cxd4 4.Nxd4 Bb7 5.Nc3 a6 6.e4 e6 7.a3 Qc7 8.Be3 d6 9.Rc1 Nd7
10.Be2 Ngf6 11.f3 Be7 12.O-O Rc8 13.b4 O-O 14.Qe1 Qb8 15.Qf2 Bd8 16.g4 g6
17.g5 Nh5 18.f4 e5 19.fxe5 dxe5 20.Nf5 gxf5 21.Bxh5 f4 22.Bg4 { ...0-1, Roos
Louis 2343 - Kritz Leonid 2597 , France 1. 5.2007 Ch France (team) 2007 } )
3.Nc3 ( 3.g3 d5 4.cxd5 Nxd5 5.Bg2 Nc6 6.O-O e5 7.d3 Be7 8.a3 O-O 9.b3 Be6
10.Bb2 f6 11.e3 Qb6 12.Nbd2 Rfd8 13.Qc2 Rac8 14.Rac1 Rd7 15.Rfd1 Qd8 16.Ne4 b6
17.Qb1 Na5 18.Ned2 Nc7 19.Bc3 Rxd3 20.Bxa5 bxa5 21.Nc4 Bf5 22.Rxd3 Bxd3 {
...1-0, Bunzmann Dimitrij 2455 - Sarana-Hungeling Oksana 2265 , Senden 1998 It
(open) } ) 3...e6 4.g3 b6 5.Bg2 Bb7 6.O-O d6 7.d4 cxd4 8.Qxd4 Be7 9.Bg5 a6
10.Bxf6 Bxf6 11.Qf4 { ?/= } 11...O-O 12.Rfd1 Be7 13.Ne4 Bxe4 14.Qxe4 Ra7
15.Rac1 { +0.41 CAP } ( 15.Nd4 Rc7 16.b3 Bf6 17.e3 Nd7 18.Rac1 Qc8 19.Rb1 Rc5
20.Nxe6 fxe6 21.Qxe6+ Kh8 22.Bh3 Rd8 23.Rxd6 Ne5 24.Qxc8 Rcxc8 25.Rxb6 Rb8
26.Rxa6 Nxc4 27.Bg2 Rd2 28.b4 h5 29.b5 h4 30.a4 Nb2 31.b6 Nd3 32.b7 Nxf2
33.Ra8 Be5 34.Rb5 { 1-0, Malakhov Vladimir 2670 - Nisipeanu Liviu-Dieter 2707
, Benidorm 19.11.2005 It (active) } ) ( 15.a4 Qc8 16.b3 Rc7 17.Nd4 Bf6 18.e3
Nd7 19.Ra2 Nc5 20.Qb1 Re8 21.a5 bxa5 22.Rxa5 d5 23.cxd5 exd5 24.Bxd5 Rd8
25.Bf3 Ne6 26.Nxe6 Rxd1+ 27.Bxd1 fxe6 28.Ra2 Rc1 29.Qd3 Qd8 30.Qxd8+ Bxd8
31.Rd2 Bf6 32.Kg2 Kf7 33.Be2 a5 34.Rd7+ Be7 { ...1-0, Izoria Zviad 2450 -
Belov Vladimir 2470 , Moscow 2000 Cup G.Kasparov } ) 15...Rd7 { N } ( 15...Qc8
16.b3 ( 16.Qe3 Qc5 17.Qd2 Nc6 18.e3 Rc8 19.b3 Rac7 20.Ne1 Qa3 21.Nd3 {
1/2-1/2, Gritsak Orest 2455 - Kislov Sergey 2365 , Polanica Zdroj 1996 It
(open) } ) 16...Qc5 17.Nd2 Nd7 18.Nb1 Nf6 19.Qd3 b5 20.cxb5 Qxb5 21.Qd4 Qb8
22.Nc3 Rc7 23.Ne4 d5 24.Nxf6+ Bxf6 25.Qa4 Rxc1 26.Rxc1 Qb5 27.Qxb5 axb5 28.a4
bxa4 29.bxa4 g6 30.e4 dxe4 { 1/2-1/2, Tal Mikhail N 2520 - Vaganian Rafael A
2620 , Moscow 1983 Olympiad URS } ) 16.Nd4 Bf6 17.b4 Qc7 18.Nb3 Rc8 19.a4 Bb2
20.Rc2 { ?! } ( 20.Rb1 { !? } 20...Bc3 21.c5 dxc5 22.bxc5 bxc5 23.Qc4 Bb4
24.Rdc1 { } ) 20...d5 21.Qg4 dxc4 22.Rxd7 Nxd7 23.Rxb2 cxb3 24.Rxb3 Qc2 25.Qf3
Qd1+ { } {#R} 0-1

[Event "Liga Mazowiecka 2007/08"]
[Site "Poland"]
[Date "2007.12.09"]
[Round "5"]
[White "Krasiewicz Robert (POL)"]
[Black "Grochowski Mariusz (POL)"]
[Result "1-0"]
[WhiteElo "2047"]
[BlackElo "2179"]

1.c4 c5 2.Nf3 Nc6 3.d4 cxd4 4.Nxd4 a6 5.g3 Qa5+ 6.Nc3 Qc5 7.e3 g6 8.Nd5 Ne5
9.b4 Qd6 10.e4 e6 11.c5 Qb8 12.Nb6 Bg7 13.Nxa8 Qxa8 14.Rb1 b6 15.Bg2 bxc5
16.bxc5 Bb7 17.Qb3 Bc6 18.f4 Ng4 19.Qb8+ Qxb8 20.Rxb8+ Ke7 21.Nxc6+ dxc6 22.e5
{#r} 1-0

[Event "Ch Europe (seniors) (team)"]
[Site "Dresden (Germany)"]
[Date "2008.02.18"]
[Round "8"]
[White "Kaiser Helmut (GER)"]
[Black "Luetje Juergen (GER)"]
[Result "0-1"]
[WhiteElo "2049"]
[BlackElo "2153"]

1.c4 c5 2.Nc3 b6 3.Nf3 Bb7 4.e3 Nf6 5.d4 e6 6.Be2 Be7 7.O-O O-O 8.d5 exd5
9.cxd5 d6 10.e4 Nbd7 11.h3 a6 12.b3 Ne8 13.Bd3 Bf6 14.Bb2 Ne5 15.Rb1 b5
16.Nxe5 Bxe5 17.Ne2 Bxb2 18.Rxb2 Rc8 19.Qd2 Rc7 20.Rc2 Re7 21.Ng3 Bc8 22.f4
Nf6 23.Qd1 Rfe8 24.Qf3 Qc7 25.Kh2 Kf8 26.Rfc1 Bd7 27.Re2 Rc8 28.Rec2 Qb6
29.Nh5 Ne8 30.g4 f6 {#R} 0-1

[Event "Dos Hermanas Internet Final"]
[Site "Internet"]
[Date "2008.04.05"]
[Round "5"]
[White "Sammour-Hasbun Jorge E (PLE)"]
[Black "Har-Zvi Ronen (ISR)"]
[Result "1-0"]
[WhiteElo "2460"]
[BlackElo "2512"]

{ Har-Zvi Ronen (ISR) +0 =1 -0 } 1.c4 c5 2.Nc3 Nf6 3.Nf3 b6 4.g3 Bb7 5.Bg2 e6
6.O-O Be7 7.e3 O-O { = } 8.Qe2 ( 8.d4 ) 8...d5 { -0.07 CAP } ( 8...a6 9.Rd1
Qc7 10.b3 d6 11.Bb2 Re8 12.d4 Nbd7 13.Rac1 Bf8 14.e4 cxd4 15.Nxd4 Rad8 16.h3
Qb8 17.Nf3 Qa8 18.Nd2 g6 19.Re1 Bg7 20.Nd1 d5 21.e5 Nh5 22.Kh2 Nc5 23.b4 Na4
24.Ba1 Bf8 25.a3 a5 26.Rb1 axb4 27.axb4 Rc8 28.Ne3 { ...1/2-1/2, Fernandez
Murga Roberto 2241 - Szmetan Jorge 2403 , Buenos Aires 1999 Memorial M.Najdorf
(open) } ) 9.cxd5 { N } ( 9.d3 Nc6 10.b3 Qc7 11.Nb5 Qd7 12.Bb2 Rad8 13.Rad1
Qc8 14.e4 dxe4 15.dxe4 a6 16.Bxf6 gxf6 17.Nc3 Nd4 18.Qe3 Nxf3+ 19.Bxf3 Qc6
20.a4 f5 21.Qh6 Rd4 22.Rde1 Rd3 23.Re3 Qd7 24.exf5 Bxf3 25.f6 Bxf6 26.Qxf6
Rxe3 27.fxe3 Bh5 28.Qe5 Bg6 { ...1-0, Plachetka Jan 2430 - Schneider Lars-Ake
2367 , Stockholm 12.12.1975 Ch Europe (team) (1/2 final) } ) ( 9.b3 Nc6 {
1/2-1/2, Kovacevic Blazimir 2434 - Palac Mladen 2572 , Rijeka 2001 It (open) }
10.d3 dxc4 11.bxc4 Rc8 12.Ne1 Rc7 13.Bb2 Rd7 14.Rd1 Qa8 15.f4 Rfd8 16.f5 Ne5
17.fxe6 Bxg2 18.exd7 Bxf1 19.Qxf1 Rxd7 20.Qf5 Neg4 21.Ne4 Nxe3 22.Qg5 Neg4
23.h3 h6 24.Qf4 Qc6 25.hxg4 Nxe4 26.Qf3 Qa4 27.Be5 Ng5 28.Qe2 Qc6 { ...0-1,
Paglilla Carlos 2343 - Estremera Panos Sergio 2403 , Zaragoza 1992 It } ) (
9.Ne5 Nc6 10.f4 Rc8 11.d3 d4 12.Nxc6 Bxc6 13.Bxc6 Rxc6 14.exd4 Qxd4+ 15.Be3
Qd7 16.Rad1 Rd8 17.d4 cxd4 18.Rxd4 Rd6 19.Rfd1 Rxd4 20.Rxd4 Qc8 21.a3 h5 22.h3
g6 23.b4 Rxd4 24.Bxd4 Qc6 25.Qe5 Qxc4 26.Ne4 Qc1+ 27.Kh2 Qc2+ 28.Nf2 { 0-1,
Lazar Iosif 2084 - Schneider Attila 2266 , Budapest 1991 Memorial Schneider
(open) } ) 9...Nxd5 10.d4 Ba6 11.Nb5 Nc6 12.a4 cxd4 13.exd4 Rc8 14.Rd1 Bf6
15.h4 h6 16.Ne5 Qe7 17.Ng4 Rfd8 18.Be3 Qb4 { ?! } ( 18...h5 { !? } 19.Nxf6+
Nxf6 20.Bf3 Qb4 21.Qd2 Qe7 22.Qe2 Qb4 23.Qd2 Qe7 24.Qe2 Qb4 25.Qd2 { } )
19.Bxd5 Rxd5 20.Nxf6+ gxf6 21.Rac1 { ?! } ( 21.Qg4+ { !? } 21...Kh7 22.Qf4 Qf8
23.Rac1 Bb7 24.Qe4+ f5 25.Qf4 Rcd8 26.Rc4 { } ) 21...Kh7 { ?! } ( 21...h5 { !?
} 22.Rc4 Bxb5 23.axb5 Qxb5 24.Rdc1 Kg7 25.Qc2 Rd6 26.Qe4 { } ) 22.Rc4 Qb3
23.Rdc1 Ne7 { ? } ( 23...Rxb5 24.axb5 Bxb5 25.Qc2+ Qxc2 26.R4xc2 Kg6 27.Rc3
Ba4 28.Bf4 h5 29.Kg2 Bb5 { } ) 24.R1c3 Bxb5 25.axb5 Qa2 26.Qc2+ Kg7 27.Rxc8
Nxc8 28.Rxc8 Rxb5 29.Bxh6+ { } {#r} 1-0

[Event "Tournament (open)"]
[Site "Kstovo (Russia)"]
[Date "2008.09.08"]
[Round "3"]
[White "Marsak Viktor D (RUS)"]
[Black "Petukhov Vasily N (RUS)"]
[Result "0-1"]
[WhiteElo "2043"]
[BlackElo "2120"]

1.c4 c5 2.Nf3 Nf6 3.d3 b6 4.e3 Bb7 5.Nc3 e6 6.Be2 Be7 7.O-O d6 8.Bd2 O-O 9.a3
a6 10.Rb1 Nbd7 11.b4 Rc8 12.Ne1 Qc7 13.f4 d5 14.b5 a5 15.Bf3 d4 16.Ne4 Nxe4
17.dxe4 Rfd8 18.Qc2 e5 19.Nd3 Bd6 20.Rbe1 dxe3 21.fxe5 exd2 22.exd6 dxe1=Q
{#R} 0-1

[Event "It (open) "]
[Site "Bucharest (Romania)"]
[Date "2008.09.17"]
[Round "7"]
[White "Jianu Vlad-Cristian (ROM)"]
[Black "Dzagnidze Nana (GEO)"]
[Result "1-0"]
[WhiteElo "2544"]
[BlackElo "2503"]

1.c4 c5 2.Nf3 b6 3.g3 Bb7 4.Bg2 g6 5.O-O Bg7 6.Nc3 Nf6 7.Re1 O-O 8.e4 Nc6 9.e5
Ng4 10.h3 Nh6 11.d4 Nxd4 12.Nxd4 Bxg2 13.Bxh6 cxd4 14.Bxg7 Kxg7 15.Qxd4 Bxh3
16.g4 e6 17.Ne4 Bxg4 18.Nf6 h5 19.Re3 d5 20.cxd5 exd5 21.Rg3 Rh8 22.Rc1 Rc8
23.Rxc8 Bxc8 24.Ra3 h4 25.Rxa7 h3 26.e6 Bxe6 27.Ne8+ {#r} 1-0

[Event "Ch PriFO (juniors) (under 16)"]
[Site "Penza (Russia)"]
[Date "2008.11.05"]
[Round "3"]
[White "Volodin Ivan (RUS)"]
[Black "Mokhnachev Maxim (RUS)"]
[Result "1-0"]
[WhiteElo "2143"]
[BlackElo "2014"]

1.c4 c5 2.Nf3 b6 3.g3 Bb7 4.Bg2 Nf6 5.O-O e6 6.Nc3 Be7 7.e3 O-O 8.b3 a6 9.Bb2
d6 10.d4 cxd4 11.Qxd4 Qc7 12.Rac1 Nc6 13.Qd2 Ne5 14.Nxe5 Bxg2 15.Kxg2 dxe5
16.Qc2 Qb7+ 17.Kg1 b5 18.Qe2 Rab8 19.Rfd1 Rfc8 20.Nb1 Nd7 21.Nd2 f6 22.Ne4 Rd8
23.Nd6 Qb6 24.cxb5 axb5 25.Nc8 Rbxc8 26.Rxc8 Rxc8 27.Rxd7 Qc5 28.Qg4 Rc6
29.Qe4 b4 30.Rxe7 {#r} 1-0

[Event "Tournament (Elo)"]
[Site "Nea Filadelfia (Greece)"]
[Date "2008.11.27"]
[Round "11"]
[White "Andronis Vasilios (GRE)"]
[Black "Klokas Konstantinos (GRE)"]
[Result "0-1"]
[WhiteElo "2072"]
[BlackElo "2174"]

1.c4 c5 2.Nf3 Nc6 3.d4 cxd4 4.Nxd4 e5 5.Nb3 f5 6.Nc3 Nf6 7.g3 a5 8.Be3 a4
9.Nc1 a3 10.b3 Bb4 11.Bd2 d5 12.Nxd5 Nxd5 13.cxd5 Qxd5 14.Bxb4 Qxh1 15.Bc5 Kf7
16.e3 Rd8 17.Qh5+ Kg8 18.Nd3 Be6 19.Rd1 e4 20.Nf4 g6 21.Rxd8+ Rxd8 22.Nxg6
Bxb3 23.Ne7+ Kh8 24.Ng6+ Kg7 25.Bf8+ Kg8 26.axb3 a2 27.Ne7+ Nxe7 28.Qg5+ Kxf8
29.Qf6+ Ke8 30.b4 Rd1+ {#R} 0-1

[Event "Sub-zt"]
[Site "San Andres (Colombia)"]
[Date "2008.11.27"]
[Round "3"]
[White "Vittorino Carlo (COL)"]
[Black "Zuluaga Cesar (COL)"]
[Result "1-0"]
[WhiteElo "2343"]
[BlackElo "2320"]

1.c4 c5 2.Nf3 Nc6 3.g3 e6 4.Bg2 Nf6 5.O-O a6 6.b3 Be7 7.Bb2 O-O 8.Nc3 d6 9.e3
Rb8 10.d4 Bd7 11.d5 Na5 12.dxe6 fxe6 13.Ng5 h6 14.Nge4 Bc6 15.Qc2 b5 16.Rfd1
bxc4 17.Bh3 Bd7 18.Nxd6 cxb3 19.axb3 Qc7 20.Nce4 Nxe4 21.Nxe4 Nc6 22.Qc3 Rf7
23.Rxa6 Bc8 24.Raa1 Nb4 25.Qe5 Qb7 26.Bxe6 Bxe6 27.Qxe6 Qc6 28.Qc4 Rf8 29.Ra7
Kh8 30.Rdd7 {#r} 1-0

[Event "Ch Niedersachsen (open)"]
[Site "Verden (Germany)"]
[Date "2009.01.05"]
[Round "5"]
[White "Hundack Rolf (GER)"]
[Black "Webner Dennis (GER)"]
[Result "1-0"]
[WhiteElo "2153"]
[BlackElo "2035"]

1.c4 c5 2.Nc3 b6 3.Nf3 Bb7 4.g3 Nf6 5.Bg2 e6 6.O-O Be7 7.Re1 d6 8.e4 Nbd7 9.d4
cxd4 10.Nxd4 Qb8 11.Be3 O-O 12.f4 h5 13.h3 Rd8 14.f5 exf5 15.Nxf5 Bf8 16.Nd5
Bxd5 17.exd5 Qc7 18.Rc1 Re8 19.Bd4 Rxe1+ 20.Qxe1 Re8 21.Qd2 Ne5 22.Qg5 Qd8
23.Rf1 Nh7 24.Nh6+ Kh8 25.Qxd8 Rxd8 26.Bxe5 {#r} 1-0

[Event "Tournament (open) (youth)"]
[Site "St. Petersburg (Russia)"]
[Date "2009.01.10"]
[Round "8"]
[White "Gorjunov Sergey (RUS)"]
[Black "Semenenko Sergey (RUS)"]
[Result "0-1"]
[WhiteElo "2214"]
[BlackElo "2217"]

1.c4 c5 2.Nf3 Nf6 3.Nc3 b6 4.g3 Bb7 5.Bg2 e6 6.O-O Be7 7.Re1 a6 8.e4 d6 9.d4
cxd4 10.Nxd4 Qc7 11.Qe2 Nbd7 12.Nc2 O-O 13.Ne3 Rac8 14.Bd2 Rfe8 15.Rac1 Bf8
16.b3 Qb8 17.Qd3 Qa8 18.Qb1 Bc6 19.b4 Bb7 20.f3 Ne5 21.Na4 Qa7 22.Kh1 b5
23.Nb2 g5 24.h3 Bg7 25.Ng4 Nfxg4 26.hxg4 Qf2 27.Be3 Qxg3 28.Kg1 Nxf3+ 29.Kf1
Nxe1 30.Rxe1 bxc4 {#R} 0-1

[Event "Extraliga 2008/09"]
[Site "Czech Republic"]
[Date "2009.02.21"]
[Round "8"]
[White "Ftacnik Lubomir (SVK)"]
[Black "Mista Aleksander (POL)"]
[Result "1-0"]
[WhiteElo "2525"]
[BlackElo "2568"]

1.c4 c5 2.Nf3 Nf6 3.Nc3 e6 4.g3 b6 5.Bg2 Bb7 6.O-O Be7 7.d4 cxd4 8.Qxd4 d6
9.Rd1 a6 10.Bg5 Nbd7 11.Qd2 Rc8 12.Bf4 Rxc4 13.Bxd6 Bxd6 14.Qxd6 Qc7 15.Ne5
Qxd6 16.Rxd6 Rc7 17.Bxb7 Rxb7 18.Rad1 h5 19.f4 Rh6 20.Nc4 Ke7 21.Rc6 Ne8
22.Rc8 Rh8 23.Nd6 Ra7 24.e4 Rf8 25.Nd5+ Kxd6 26.e5+ Nxe5 27.Nb4+ {#r} 1-0

[Event "It (open)"]
[Site "La Laguna (Spain)"]
[Date "2009.05.05"]
[Round "2"]
[White "Epishin Vladimir (GER)"]
[Black "Lasinskas Povilas (LTU)"]
[Result "1-0"]
[WhiteElo "2592"]
[BlackElo "2268"]

1.c4 c5 2.Nf3 Nc6 3.d4 cxd4 4.Nxd4 e5 5.Nc2 d6 6.e4 Nf6 7.Nc3 Be7 8.Be2 O-O
9.O-O Be6 10.b3 Re8 11.Nd5 Bg4 12.Bb2 Bxe2 {#r} 1-0

[Event "It (open)"]
[Site "Bussum (Netherlands)"]
[Date "2009.06.01"]
[Round "7"]
[White "Overeem Marc (NED)"]
[Black "Boulahfa Hicham (NED)"]
[Result "1-0"]
[WhiteElo "2303"]
[BlackElo "2022"]

1.c4 c5 2.Nf3 Nf6 3.Nc3 e6 4.g3 b6 5.Bg2 Bb7 6.O-O Be7 7.d4 cxd4 8.Qxd4 Nc6
9.Qf4 a6 10.Rd1 Qb8 11.Qxb8+ Rxb8 12.Bf4 Rc8 13.Na4 Bd8 14.Ne5 Na5 15.b4 Bxg2
16.bxa5 b5 17.cxb5 axb5 18.Nb6 Bxb6 19.axb6 Bb7 20.a4 g5 21.Bxg5 Ne4 22.Rxd7
Bd5 23.Re7+ Kf8 24.Rxf7+ Ke8 25.Re7+ Kf8 26.Nd7+ Kg8 27.Bh6 bxa4 28.Rg7# 1-0

[Event "It (w)"]
[Site "Stockholm (Sweden)"]
[Date "2009.06.25"]
[Round "9"]
[White "Bashkite Viktoria (EST)"]
[Black "Horn Emilia (SWE)"]
[Result "0-1"]
[WhiteElo "2159"]
[BlackElo "2040"]

1.c4 c5 2.Nf3 Nc6 3.d4 cxd4 4.Nxd4 e6 5.Nc3 Bb4 6.Nb5 a6 7.Nd6+ Ke7 8.Bf4 Qa5
9.Rc1 Nf6 10.a3 Bxc3+ 11.Rxc3 b5 12.b4 Nxb4 13.Nxc8+ Rhxc8 14.Bd6+ Ke8 15.Bxb4
Qb6 16.f3 bxc4 17.e4 d5 18.exd5 Nxd5 19.Rc1 a5 20.Qa4+ Kd8 21.Bd2 c3 22.Bf4 f6
23.Qe4 c2 24.Bc4 Nxf4 25.Qxf4 Rxc4 26.Qd2+ Ke7 27.Rf1 Rd8 28.Qe2 Rc3 {#R} 0-1

[Event "It (open)"]
[Site "La Fere (France)"]
[Date "2009.07.06"]
[Round "4"]
[White "Gharamian Tigran (FRA)"]
[Black "Mulder Bart-Piet (NED)"]
[Result "1-0"]
[WhiteElo "2615"]
[BlackElo "2212"]

1.c4 c5 2.Nc3 b6 3.Nf3 Bb7 4.g3 Nf6 5.Bg2 e6 6.O-O Be7 7.Re1 O-O 8.e4 d6 9.d4
cxd4 10.Nxd4 Qc8 11.Be3 a6 12.Rc1 Nbd7 13.f4 Qc7 14.g4 Rfd8 15.g5 Ne8 16.f5
Nf8 17.Qg4 exf5 18.exf5 Bxg2 19.Qxg2 Rdc8 20.Nd5 Qb7 21.Bf2 {#r} 1-0

[Event "It "]
[Site "Pardubice (Czech Republic)"]
[Date "2009.07.23"]
[Round "8"]
[White "Cvek Robert (CZE)"]
[Black "Cernousek Lukas (CZE)"]
[Result "1-0"]
[WhiteElo "2520"]
[BlackElo "2431"]

1.c4 c5 2.Nf3 Nc6 3.b3 e5 4.Bb2 e4 5.Ng1 Nf6 6.g3 Bd6 7.Bg2 Qe7 8.Nh3 O-O
9.O-O Be5 10.Bxe5 Qxe5 11.Nc3 d6 12.Nf4 Nd4 13.e3 Ne6 14.d4 exd3 15.Ncd5 Nxd5
16.Nxd5 Nd8 17.Qxd3 Nc6 18.Rad1 Bg4 19.Rd2 Rad8 20.h3 Bf5 21.Qc3 Qe6 22.Rfd1
Rd7 23.Nf4 Qe7 24.Nd5 Qe6 25.e4 Bg6 26.f4 f5 27.exf5 {#r} 1-0

[Event "Tournament (open) "]
[Site "Ulan Ude (Russia)"]
[Date "2010.01.23"]
[Round "5"]
[White "Khantuev Alexander (RUS)"]
[Black "Sysoev Alexandr (RUS)"]
[Result "1-0"]
[WhiteElo "2322"]
[BlackElo "2155"]

1.c4 c5 2.b3 e5 3.Bb2 Nc6 4.e3 Nf6 5.a3 Be7 6.Nc3 O-O 7.Qc2 d5 8.cxd5 Nxd5
9.Nf3 Nxc3 10.Bxc3 Qd6 11.h4 h6 12.Bb5 Bg4 13.Qe4 Bxf3 14.gxf3 f5 15.Qd3 Rad8
16.Qxd6 Bxd6 17.Ke2 Ne7 18.Bc4+ Kh7 19.h5 Ng8 20.Rag1 Nf6 21.Bd3 Nd5 22.Bb2
Rd7 23.Rg6 Ne7 24.Rg2 Rf6 25.Rhg1 Nc6 26.Rg6 Rf8 27.f4 Rff7 28.Bc4 Rf6 29.Be6
Rxe6 30.Rxe6 {#r} 1-0

[Event "Memorial Dautov (open)"]
[Site "Ufa (Russia)"]
[Date "2010.04.08"]
[Round "6"]
[White "Kutlyarov Aleksandr (RUS)"]
[Black "Jamilov Robert F (RUS)"]
[Result "0-1"]
[WhiteElo "2119"]
[BlackElo "2418"]

1.c4 c5 2.Nc3 b6 3.g3 Bb7 4.Nf3 Bxf3 5.exf3 Nc6 6.Bg2 g6 7.f4 h5 8.Qa4 Rc8
9.O-O h4 10.a3 Bg7 11.d3 Nf6 12.Bd2 e6 13.b4 Ng4 14.Ne4 Bxa1 15.Nd6+ Kf8
16.Rxa1 Qf6 17.Re1 hxg3 18.hxg3 Qd4 19.Ne4 Rh2 20.Qd1 Qh8 21.Qxg4 f5 22.Qxg6
fxe4 23.dxe4 Ne7 24.Qg4 Rh5 25.Rc1 {#R} 0-1

[Event "Tournament (open)"]
[Site "Mendes (Brazil)"]
[Date "2010.04.23"]
[Round "5"]
[White "Oliveira Fernando Ventura (BRA)"]
[Black "Mourao Igor A C Lofredo (BRA)"]
[Result "0-1"]
[WhiteElo "2109"]
[BlackElo "2081"]

1.c4 c5 2.g3 e6 3.Bg2 d5 4.d3 Nf6 5.cxd5 exd5 6.Nf3 Nc6 7.d4 cxd4 8.Nxd4 Be7
9.a3 O-O 10.O-O Re8 11.Nc3 Qb6 12.Nc2 Be6 13.e3 Rad8 14.Nd4 Nxd4 15.exd4 Bg4
16.Qa4 g6 17.Nxd5 Nxd5 18.Bxd5 Bf6 19.Bf4 Re7 20.Be5 Bxe5 21.dxe5 Be2 22.Rfe1
Rxe5 23.Qc2 Rde8 24.b4 Qd4 25.Bb3 Bd3 26.Qd2 Re2 27.Rad1 {#R} 0-1

[Event "It "]
[Site "Wheeling (USA)"]
[Date "2010.05.30"]
[Round "7"]
[White "Lenderman Alex (USA)"]
[Black "Yang Darwin (USA)"]
[Result "1-0"]
[WhiteElo "2559"]
[BlackElo "2402"]

1.c4 c5 2.Nf3 Nc6 3.d4 cxd4 4.Nxd4 e6 5.g3 Bb4+ 6.Nc3 Qa5 7.Nb5 a6 8.Nd6+ Ke7
9.Nxc8+ Rxc8 10.Bd2 Nf6 11.Bg2 b5 12.cxb5 Bxc3 13.Bxc3 Qxb5 14.a4 Qf5 15.O-O
Rhd8 16.Qb3 Kf8 17.Qb6 Nd5 18.Bxd5 exd5 19.Qxa6 d4 20.Bxd4 Re8 21.Bc3 Qh3
22.Rfd1 Rcd8 23.e3 {#r} 1-0

[Event "It (open)"]
[Site "Liberec (Czech Republic)"]
[Round "5"]
[White "Lechtynsky Jiri (CZE)"]
[Black "Snorek Milan (CZE)"]
[Result "1-0"]
[WhiteElo "2380"]
[BlackElo "2143"]

1.c4 c5 2.Nf3 Nf6 3.g3 b6 4.Bg2 Bb7 5.O-O e6 6.d4 cxd4 7.Qxd4 Be7 8.Nc3 a6
9.Be3 Bc5 10.Qf4 O-O 11.Rfd1 Qe7 12.Na4 Nc6 13.Bxc5 bxc5 14.Qd6 Qxd6 15.Rxd6
Na5 16.b3 Ne4 17.Rxd7 Bc6 18.Ne5 Bxa4 19.Bxe4 Bxd7 20.Bxa8 Rxa8 21.Nxd7 Nb7
22.Rd1 Rd8 23.Rd3 f6 24.Nxc5 {#r} 1-0

[Event "Ch PriFO"]
[Site "Toljatti (Russia)"]
[Date "2011.03.12"]
[Round "3"]
[White "Derbenev Andrey (RUS)"]
[Black "Kirpichnikov Vladimir (LAT)"]
[Result "1-0"]
[WhiteElo "2345"]
[BlackElo "2380"]

1.c4 c5 2.Nc3 Nf6 3.g3 e6 4.Nf3 b6 5.Bg2 Bb7 6.O-O Be7 7.Re1 O-O 8.e4 d6 9.d4
cxd4 10.Nxd4 a6 11.e5 dxe5 12.Bxb7 exd4 13.Bxa8 Nbd7 14.Bg2 dxc3 15.bxc3 Qc7
16.Qe2 Rc8 17.Bd2 Qxc4 18.Bb7 Qxe2 19.Rxe2 Rd8 20.Bxa6 Nc5 21.Bb5 Nfe4 22.Be1
Bf6 23.Rc1 h5 24.Bc6 Nd6 25.Rd1 Be7 26.Red2 e5 27.f3 Ne6 28.Bf2 Nc4 29.Rxd8+
{#r} 1-0

[Event "Ch Europe (w)"]
[Site "Tbilisi (Georgia)"]
[Date "2011.05.17"]
[Round "10"]
[White "Kachiani-G Ketino (GER)"]
[Black "Galojan Lilit (ARM)"]
[Result "1-0"]
[WhiteElo "2319"]
[BlackElo "2383"]

1.c4 c5 2.Nf3 Nc6 3.d4 cxd4 4.Nxd4 e6 5.a3 Nf6 6.Nc3 d5 7.cxd5 Nxd5 8.Nxc6
bxc6 9.Bd2 e5 10.Qa4 Qd7 11.e3 Rb8 12.Qc2 Be7 13.Bd3 h6 14.O-O O-O 15.Rfd1 Rd8
16.Nxd5 cxd5 17.Ba5 Re8 18.Bc7 Rxb2 19.Qxb2 Qxc7 20.Rac1 Qd6 21.Be4 Be6
22.Bxd5 Bxd5 23.e4 Rb8 24.Qa1 Qxa3 25.Qxe5 Rd8 26.exd5 Bc5 27.h3 Qa5 28.Rc3
Bd6 29.Kf1 Kf8 30.Rdc1 {#r} 1-0

[Event "Ch Region"]
[Site "Saratov (Russia)"]
[Date "2011.06.01"]
[Round "1"]
[White "Astapov Valeriy (RUS)"]
[Black "Vetryansky Vladimir (RUS)"]
[Result "0-1"]
[WhiteElo "2014"]
[BlackElo "2193"]

1.c4 c5 2.Nf3 b6 3.g3 Bb7 4.Bg2 e6 5.O-O Nf6 6.d4 cxd4 7.Nxd4 Bxg2 8.Kxg2 Be7
9.Nc3 O-O 10.e4 Qc7 11.b3 a6 12.Qf3 Nc6 13.Nxc6 dxc6 14.Bb2 Rad8 15.Rad1 Nd7
16.Ne2 Nc5 17.Nf4 e5 18.Nd3 Nxd3 19.Rxd3 Rxd3 20.Qxd3 Rd8 21.Qe2 Qd6 22.f4
exf4 23.gxf4 Qe6 24.f5 Qh6 25.Bc1 Bg5 26.Rd1 Re8 27.Bb2 Qh4 28.e5 Bf4 29.h3
Qg3+ {#R} 0-1

[Event "Memorial L.Polugaevsky (open)"]
[Site "Samara (Russia)"]
[Date "2011.07.12"]
[Round "8"]
[White "Iliushkin Evgen (RUS)"]
[Black "Khazieva Elza (RUS)"]
[Result "0-1"]
[WhiteElo "2250"]
[BlackElo "2012"]

1.c4 c5 2.b3 b6 3.Bb2 Bb7 4.e3 e6 5.Nf3 Nf6 6.Be2 Be7 7.O-O O-O 8.d4 cxd4
9.Nxd4 d5 10.Nd2 Nc6 11.Nxc6 Bxc6 12.Bf3 Rc8 13.Rc1 dxc4 14.Bxc6 Rxc6 15.Nxc4
Qd5 16.Qe2 Rcc8 17.Rfd1 Qg5 18.h3 Nd5 19.Ne5 Rxc1 20.Rxc1 Bf6 21.Nf3 Qg6
22.Qa6 {#R} 0-1